college SEC teams - Statistics

General Stats
  • This quiz has been taken 21 times
    9 since last reset
  • The average score is 14 of 16
Answer Stats
=Answer % Correct
Alabama
100%
Arkansas
100%
Georgia
100%
Missouri
100%
Ole Miss
100%
Auburn
83%
Florida
83%
LSU
83%
Oklahoma
83%
South Carolina
83%
Tennessee
83%
Texas
83%
Texas A&M
83%
Vanderbilt
83%
Kentucky
67%
MS state
33%
No matching quizzes found
Score Distribution
Percent of People with Each Score
Percentile by Number Answered
Your Score History
You have not taken this quiz since the last reset